Impact of institutional loans on the selected beneficiaries: with special reference to Andhra Pragathi Grameena Bank in Anantapur District (Record no. 15121)

MARC details
000 -LEADER
fixed length control field 00636nam a2200169Ia 4500
082 ## - DEWEY DECIMAL CLASSIFICATION NUMBER
Classification number TS.1048
100 ## - MAIN ENTRY--AUTHOR NAME
Personal name Subbarayudu, H.
245 #0 - TITLE STATEMENT
Title Impact of institutional loans on the selected beneficiaries: with special reference to Andhra Pragathi Grameena Bank in Anantapur District
260 ## - PUBLICATION, DISTRIBUTION, ETC. (IMPRINT)
Year of publication 2010
Name of publisher Sri Krishnadevaraya University, Anantapur
300 ## - PHYSICAL DESCRIPTION
Number of Pages 298
504 ## - BIBLIOGRAPHY, ETC. NOTE
Bibliography, etc includes bibliography
650 ## - SUBJECT ADDED ENTRY--TOPICAL TERM
Topical Term Andhra Pragathi Grameena Bank
Geographic subdivision India
-- Anantapur District
650 ## - SUBJECT ADDED ENTRY--TOPICAL TERM
Topical Term Banks and Banking
Geographic subdivision India
-- Anantapur District
650 ## - SUBJECT ADDED ENTRY--TOPICAL TERM
Topical Term Bank loans
Geographic subdivision India
-- Anantapur District
710 ## - ADDED ENTRY--CORPORATE NAME
Corporate name or jurisdiction name as entry element Siva Sankaralah, M.
942 ## - ADDED ENTRY ELEMENTS (KOHA)
Koha item type Thesis
Source of classification or shelving scheme Dewey Decimal Classification
Holdings
Withdrawn status Lost status Damaged status Not for loan Home library Current library Date acquired Source of acquisition Bill Date Full call number Accession Number Price effective from Koha item type
        NASSDOC Library NASSDOC Library 09/11/2010 Gifted by : Fellowship Division, ICSSR 1899-12-31 TS.1048 46654 18/04/2019 Thesis